| 000 | 00436nam a22001697a 4500 | ||
|---|---|---|---|
| 005 | 20250723121823.0 | ||
| 008 | 250723b |||||||| |||| 00| 0 eng d | ||
| 020 | _a978-1-84480-327-9 | ||
| 050 | _aHF 5415.2 .K46 2007 | ||
| 100 | _aKENT, RAY | ||
| 245 | _aMARKETING RESEARCH | ||
| 260 |
_aLONDON _bTHOMSON LEARNING _c2007 |
||
| 300 | _aXIV,592P. | ||
| 500 | _aINCLUDES INDEX | ||
| 650 | _a1. MARKETING-RESEARCH | ||
| 942 |
_2lcc _cBK |
||
| 999 |
_c215957 _d215957 |
||